Teach yourself VBscript in 21 days. / (Record no. 6571)
[ view plain ]
| 000 -LEADER | |
|---|---|
| fixed length control field | 01542nam a22001697a 4500 |
| 008 - FIXED-LENGTH DATA ELEMENTS--GENERAL INFORMATION | |
| fixed length control field | 180417b xxu||||| |||| 00| 0 eng d |
| 020 ## - INTERNATIONAL STANDARD BOOK NUMBER | |
| International Standard Book Number | 1575211203 |
| 050 ## - LIBRARY OF CONGRESS CALL NUMBER | |
| Classification number | QA 76.73. V27 B76 |
| 100 ## - MAIN ENTRY--PERSONAL NAME | |
| Personal name | Brophy, Keith. |
| 245 ## - TITLE STATEMENT | |
| Title | Teach yourself VBscript in 21 days. / |
| 260 ## - PUBLICATION, DISTRIBUTION, ETC. | |
| Place of publication, distribution, etc. | Indianapolis: |
| Name of publisher, distributor, etc. | Sam. net publishing; |
| Date of publication, distribution, etc. | 1996. |
| 300 ## - PHYSICAL DESCRIPTION | |
| Extent | xxviii, 679p. : ill .: |
| Dimensions | 24cm. |
| 500 ## - GENERAL NOTE | |
| General note | It includes appendix and index. |
| 505 ## - FORMATTED CONTENTS NOTE | |
| Formatted contents note | Contents: Introduction: Week 1 at a glance: Day 1: Introducing VBScript and the World Wide Web -- 2: The essence of VBScript -- 3: Extending the power of web pages with VBScript -- 4: Creating variables in VBScript 5: Putting operators to work in VBScript -- 6: Controlling the flow of VBScript code -- 7: Building a home for your code -- Week 2 at a glance: Day 8: Intrinsic HTML form controls -- 9: More intrinsic HTML form controls 10: An introduction to objects and activeX controls -- 11: More ActiveX controls -- 12: Advanced objects: ActiveX, Java, and Active VRML -- 13: VBScript standards and conventions -- 14: Working with documents and user interface functions -- Week 3 at a glance: 15: Extendig your web pages with strings -- 16: Extending your web pages with dates and advanced math -- 17: Exterminating bugs from your script -- 18: Advanced user interface and browser object techniques -- 19: Dynamic page flow and server submittal -- 20: Porting between visual Basic and VBScript -- 21: Security, Stability, and distributed source control issues. |
| 700 ## - ADDED ENTRY--PERSONAL NAME | |
| Personal name | Koets, Timothy. |
| 942 ## - ADDED ENTRY ELEMENTS (KOHA) | |
| Source of classification or shelving scheme | Library of Congress Classification |
| Koha item type | Books |
| Withdrawn status | Lost status | Source of classification or shelving scheme | Damaged status | Not for loan | Home library | Current library | Shelving location | Date acquired | Total Checkouts | Full call number | Barcode | Date last seen | Copy number | Price effective from | Koha item type |
|---|---|---|---|---|---|---|---|---|---|---|---|---|---|---|---|
| Library of Congress Classification | WISCONSIN INTERNATIONAL UNIVERSITY COLLEGE, GHANA - MAIN LIBRARY | WISCONSIN INTERNATIONAL UNIVERSITY COLLEGE, GHANA - MAIN LIBRARY | Reference | 17/04/2018 | QA 76.73. V27 B76 | 8204/022/18 | 17/04/2018 | 1 | 17/04/2018 | Books |
